|
|
|
|
| LEADER |
00000cam a2200000 a 4500 |
| 001 |
vtls001460123 |
| 003 |
SK-MaSNL |
| 005 |
20260302073131.0 |
| 008 |
220720s2002 xo fr 10000 slo |
| 015 |
|
|
|a SNBA2004/07-03961
|
| 020 |
|
|
|a 8071653608
|
| 035 |
|
|
|a SNK000415430
|
| 035 |
|
|
|a urn:nbn:sk:snk-amjrl9
|
| 035 |
|
|
|a urn:nbn:sk:snk:ar-008xea
|
| 035 |
|
|
|a ee244c1a-51e1-4672-b17a-1de3c4558811
|
| 040 |
|
|
|a SNK
|b slo
|c SNK
|e AACR2
|
| 041 |
0 |
|
|a slo
|
| 044 |
|
|
|a xo
|c SK
|
| 072 |
|
7 |
|a 7.01/.09
|2 konspekt
|
| 080 |
|
|
|a 7.032/038:27
|2 1981
|
| 080 |
|
|
|a 7.07
|2 1981
|
| 080 |
|
|
|a 316.723:27
|2 1981
|
| 080 |
|
|
|a (063)
|2 1981
|
| 245 |
0 |
0 |
|a Zborník prednášok zo stretnutia umelcov a pracovníkov kultúry
|b Košice 18. februára 2002
|
| 250 |
|
|
|a [1. vyd.]
|
| 260 |
|
|
|a Prešov
|b Michal Vaško
|c 2002
|
| 300 |
|
|
|a 53 s.
|c 20 cm
|
| 504 |
|
|
|a Bibliogr. odkazy
|
| 650 |
0 |
7 |
|a kresťanské umenie
|2 SNK
|9 1061
|
| 650 |
0 |
7 |
|a umelecká tvorba
|2 SNK
|9 2852
|
| 650 |
0 |
7 |
|a kresťanská kultúra
|2 SNK
|9 896
|
| 655 |
|
7 |
|a zborníky konferencií
|2 SNKPH
|9 70153
|
| 655 |
|
7 |
|a issue_zb
|2 SNK
|9 276493
|
| 710 |
0 |
|
|a Katolícka cirkev.
|b Konferencia biskupov Slovenska.
|4 aut
|9 118261
|
| 919 |
|
|
|a 80-7165-360-8
|
| 954 |
|
|
|a odborná, vedecká literatúra pôvodná (slovenská)
|2 lita
|
| 958 |
|
|
|a ART
|
| 958 |
|
|
|a NB
|
| 958 |
|
|
|a NT
|
| 958 |
|
|
|a LX
|
| 958 |
|
|
|a OND
|
| 968 |
|
|
|d 7
|
| 999 |
|
|
|c 1159607
|d 1161537
|
| 952 |
|
|
|t P60, <03>, [BOOK], {603}
|a SNK
|b SNK
|y PREZ
|7 0
|p 17A0398576
|o snkSC 112809
|i snkKSP 12109/2003
|0 0
|1 0
|4 0
|d 2003-09-18
|l 0
|r 2025-10-02 00:00:00
|w 2026-02-24
|
| 952 |
|
|
|t P60, <04>, [BOOK], {604}
|a SNK
|b SNK
|y VYP
|7 0
|p 17A0398575
|o snkSC 112809 D1
|i snkKSP 12110/2003
|0 0
|1 0
|4 0
|d 2003-09-18
|l 0
|r 2005-01-02 00:00:00
|w 2026-02-24
|